Statistiche per Geografia del Mediterraneo su una mappa

Clicka qui per fare il quiz!

Statistiche generali

  • Questo quiz è stato fatto 331 volte
  • Il punteggio medio è 25 su 35

Risposte nella Mappa

Le risposte nella mappa del quiz sottostante sono codificate secondo una scala di colori dal rosso al verde in base alla % di persone che hanno risposto correttamente.
 

Statistiche sulle risposte

GroupRisposta% Corretto
isoleSardegna
97%
isoleCorsica
96%
isoleSicilia
96%
cittàNapoli
94%
cittàVenezia
93%
isoleCipro
92%
fiumiPo
92%
cittàAtene
90%
cittàTunisi
88%
territoriGibilterra
86%
fiumiNilo
86%
mariAdriatico
85%
isoleCreta
85%
mariTirreno
84%
mariIonio
83%
cittàBarcellona
82%
mariEgeo
76%
cittàAlessandria
75%
mariBaleari
74%
cittàTripoli
74%
isoleIbiza
68%
isoleMaiorca
65%
isoleMinorca
64%
costeRiviera {di Ponente}
64%
costeCosta Azzurra
60%
cittàTel Aviv
58%
isoleRodi
55%
territoriStriscia di Gaza
55%
territoriCeuta
50%
costeDalmata
47%
territoriMelilla
44%
fiumiRodano
44%
costeCosta Brava
25%
costeCosta del Sol
23%
isoleVeglia
21%

Distribuzione punteggi

Percentile per numero di risposta

Percentuale di utenti per punteggio

I tuoi punteggi nel tempo

Non hai fatto questo quiz